000 00512nam a22001817a 4500
005 20251108165537.0
008 250721s1957 xx 000 0 ara d
082 1 4 _aم/920.056/سعد
100 1 _aإبن سعد، محمد بن منيع البصري
245 1 0 _aالطبقات الكبرى /
264 1 _aبيروت :
_bدار بيروت،
_c1957.
300 _a
650 1 7 _aالعرب
650 1 7 _aالتراجم
650 1 7 _aالسيرة النبوية
942 _2ddc
_cREF
999 _c30395
_d30395